Skenovací zákon pod silnou palbou
Legislatíva, navrhnutá americkým kongresom vo forme zákona "HR 1", požadujúca povinný screening kontejnerov smerujúcich do USA. Kontrola možného vzniku hrozieb, ako sú preprava výbušnín, jadrových materiálov, drog, emigrantov. Vlna odporu proti americkej legislatíve - zo strany Európskej únie ako aj...
Guardado en:
| Autor principal: | |
|---|---|
| Formato: | Capítulo de libro |
| Lenguaje: | checo |
| Materias: | |
| Etiquetas: |
Sin Etiquetas, Sea el primero en etiquetar este registro!
|
MARC
| LEADER | 00000naa$a2200000$$$4500 | ||
|---|---|---|---|
| 001 | 0098507 | ||
| 005 | 20231129095214.8 | ||
| 041 | 0 | |a cze | |
| 044 | |a CZ | ||
| 245 | 1 | 0 | |a Skenovací zákon pod silnou palbou |c Jiří Kladiva |
| 520 | |a Legislatíva, navrhnutá americkým kongresom vo forme zákona "HR 1", požadujúca povinný screening kontejnerov smerujúcich do USA. Kontrola možného vzniku hrozieb, ako sú preprava výbušnín, jadrových materiálov, drog, emigrantov. Vlna odporu proti americkej legislatíve - zo strany Európskej únie ako aj ostatného sveta. Jednostranný zákon s vysokými transakčnými nákladmi. Plánované zavedenie bezpečnostnej legislatívy od roku 2012. | ||
| 610 | 2 | 0 | |a legislatíva |
| 610 | 2 | 0 | |a zákony |
| 610 | 2 | 0 | |a kontajnery |
| 610 | 2 | 0 | |a prístavy |
| 610 | 2 | 0 | |a doprava námorná |
| 610 | 2 | 0 | |a kontrola |
| 610 | 2 | 0 | |a bezpečnosť |
| 610 | 2 | 0 | |a USA |
| 100 | 1 | |a Kladiva, Jiří | |